000
00258nam a2200109Ia 4500
008
230907s9999||||xx |||||||||||||| ||und||
082
_a
332.6
_b
BOD
100
_a
Bodie, Zvi,
_9
116076
245
0
_a
Investments /
300
_a
xxviii, 968 pages ;
942
_c
BK
999
_c
601020
_d
601020